|
|
|
|
| LEADER |
00000cam a2200000 4500 |
| 001 |
vtls011741449 |
| 003 |
SK-MaSNL |
| 005 |
20260302090739.0 |
| 008 |
180213s2017 xo a a 000 p ukr |
| 015 |
|
|
|a SNBA2018/03
|
| 020 |
|
|
|a 9788056601709
|q (viazané)
|
| 040 |
|
|
|a SNK
|b slo
|c SNK
|e rda
|
| 041 |
1 |
|
|a ukr
|h cze
|
| 044 |
|
|
|a xo
|c SK
|
| 072 |
|
7 |
|a 821.162.3
|x Česká literatúra
|2 konspekt
|
| 072 |
|
7 |
|a 821-93
|x Literatúra pre deti a mládež
|2 konspekt
|
| 080 |
|
|
|a 821.162.3-1
|2 2011
|
| 080 |
|
|
|a 82-94
|2 2011
|
| 080 |
|
|
|a (0.025.2)
|2 2011
|
| 080 |
|
|
|a 82-93-053.2
|2 2011
|
| 100 |
1 |
|
|a Novák, Jiří Zdeněk,
|d 1912-2001
|4 aut
|9 121806
|
| 240 |
|
|
|a Cvrček a mravenci
|l Ukrajinsky
|
| 245 |
1 |
0 |
|a Sverščëk i murjanky
|c Ji. Z. Novak ; ilustracjii Vojtech Kubašta ; pereklad Valerij Kupka
|
| 250 |
|
|
|a Perše vydanja
|
| 264 |
|
1 |
|a Bratislava
|b Albatros
|b Albatros Media Slovakia
|c 2017
|
| 300 |
|
|
|a 12 nečíslovaných strán
|b ilustrácie
|c 18 cm
|
| 336 |
|
|
|a text
|b txt
|2 rdacontent
|
| 336 |
|
|
|a statický obraz
|b sti
|2 rdacontent
|
| 336 |
|
|
|a bez média
|b n
|2 rdamedia
|
| 336 |
|
|
|a zväzok
|b nc
|2 rdacarrier
|
| 500 |
|
|
|a Vyšlo vo vydavateľstve Albatros v Bratislave v spoločnosti Albatros Media Slovakia
|
| 500 |
|
|
|a Kartónové listy s výrezmi
|
| 500 |
|
|
|a Preložené z češtiny
|
| 521 |
8 |
|
|a Pre deti od 3 rokov
|
| 655 |
|
7 |
|a česká poézia
|2 SNKPH
|9 70569
|
| 655 |
|
7 |
|a riekanky
|2 SNKPH
|9 70648
|
| 655 |
|
7 |
|a leporelá
|2 SNKPH
|9 60414
|
| 655 |
|
7 |
|a Czech poetry
|2 SNKPHeng
|9 265012
|
| 655 |
|
7 |
|a Nursery rhymes
|2 SNKPHeng
|9 282496
|
| 655 |
|
7 |
|a Picture books for children
|2 SNKPHeng
|9 277438
|
| 655 |
|
7 |
|a Children's literature
|2 SNKPHeng
|9 276039
|
| 700 |
1 |
|
|a Kubašta, Vojtěch,
|d 1914-1992
|4 ill
|9 117463
|
| 700 |
1 |
|
|a Tóth, Tibor
|4 trl
|9 5168
|
| 852 |
|
|
|a Štátna vedecká knižnica v Banskej Bystrici
|
| 919 |
|
|
|a 978-80-566-0170-9
|
| 958 |
|
|
|a LX
|
| 958 |
|
|
|a DB
|
| 968 |
|
|
|a UKR
|b ČES
|
| 999 |
|
|
|c 1197939
|d 1199869
|
| 952 |
|
|
|a SNK
|b SNK
|y PREZ
|7 0
|p 17A1320561
|o snkSD 87026
|i snk2018/4031
|8 0
|0 0
|1 0
|4 0
|d 2018-02-13
|l 0
|r 2026-02-24 22:32:30
|w 2026-02-24
|
| 952 |
|
|
|a SNK
|b SNK
|y PREZ
|7 0
|p 17A1320562
|o snkSD 87026 D1
|i snk2018/4032
|8 0
|0 0
|1 0
|4 0
|d 2018-02-13
|l 0
|r 2026-02-24 22:32:30
|w 2026-02-24
|